Statystyki dla Popularne tytuły piosenek Universe i Mirka Breguły

Kliknij tutaj aby rozwiązać quiz!

Ogólne statystyki

  • Ten quiz został rozwiązany 4 razy
  • Średni wynik to 9 z 20

Statystyki odpowiedzi

Odpowiedź% Poprawnych
Daj mi wreszcie święty spokój
100%
mr Lennon
100%
Tacy byliśmy
100%
Tyle chciałem ci dać
100%
wołanie przez ciszę
100%
W perły zmienić deszcz
100%
Ballada o dwóch przyjacielach
50%
Ciągle szukam drogi
50%
Ty masz to, czego nie mam ja
50%
Znów kochać kwiaty
50%
To był maj
50%
Masz jeszcze czas
50%
Czy to był żart
0%
Dlatego błagam
0%
Najbardziej z wszystkich kobiet
0%
Proste słowo miłość
0%
Głupia żabo
0%
Już mam Cię dość
0%
Magnes serc
0%
Zdradź mi
0%

Rozkład punktacji

Percentyl według liczby udzielonych odpowiedzi

Procent ludzi z każdym wynikiem

Twoja historia wyników

Nie rozwiązałeś tego quizu